Programing in ANSI C / (Record no. 5846)

MARC details
000 -LEADER
fixed length control field 00564 a2200193 4500
010 ## - LCCN (DPL NO)
LC control number ENG-86975
020 ## - INTERNATIONAL STANDARD BOOK NUMBER
International Standard Book Number 0070648220
Terms of availability 215.00
035 ## - SYSTEM CONTROL NUMBER
System control number EN-70508
037 ## - SOURCE OF ACQUISITION
Source of stock number/acquisition DBAD / PUB
082 14 - DEWEY DECIMAL CLASSIFICATION NUMBER
Classification number 005.13
100 1# - MAIN ENTRY--PERSONAL NAME
Personal name Balagurusamy, E.
245 1# - TITLE STATEMENT
Title Programing in ANSI C /
Statement of responsibility, etc by E.Balagurusamy
250 ## - EDITION STATEMENT
Edition statement 4th ed.
260 ## - PUBLICATION, DISTRIBUTION, ETC. (IMPRINT)
Place of publication, distribution, etc New Delhi
Name of publisher, distributor, etc Tata McGraw-Hill Publishing
Date of publication, distribution, etc 2007 (repr)
270 ## - ADDRESS
Address 7, West Patel Nagar,
City New Delhi
Postal code 110 008
300 ## - PHYSICAL DESCRIPTION
Extent xii, 549 p
Dimensions 24 cm (Pbk)
500 ## - GENERAL NOTE
General note Includes index
942 ## - ADDED ENTRY ELEMENTS (KOHA)
Institution code [OBSOLETE] dpl
Item type English Books
Source of classification or shelving scheme Dewey Decimal Classification
Classification part 005.13
Call number suffix BAL
Holdings
Withdrawn status Lost status Not for loan Collection code Home library Current library Source of acquisition Cost, normal purchase price Full call number Barcode Copy number Cost, replacement price Koha item type
    Not For Loan Non-fiction D.B.Act.Division D.B.Act.Division DBAD/PUB 215.00 005.13 BAL EN-70508 1 215.00 English Books

© Delhi Public Library
Hit Counter
free hit counter